Nintendo Video Game Franchises - Statistics

General Stats
  • This quiz has been taken 361 times
  • The average score is 55 of 115
Answer Stats
Answer % Correct
Dr. Mario
100%
Mario Baseball
100%
Mario Golf
100%
Mario Kart
100%
Mario & Luigi
100%
Mario Party
100%
Mario + Rabbids
100%
Mario & Sonic at the Olympic Games
100%
Mario Strikers
100%
Mario Tennis
100%
Mario vs. Donkey Kong
100%
New Super Mario Bros.
100%
Paper Mario
100%
Super Mario
100%
Hyrule Warriors
90%
The Legend of Zelda
90%
Tingle
90%
Kirby
89%
Metroid Prime
88%
Metroid
87%
Detective Pikachu
86%
Pokémon
86%
Pokémon Mystery Dungeon
86%
Pokémon Pinball
86%
Pokémon Ranger
86%
Pokémon Rumble
86%
Pokémon Snap
86%
Pokémon Stadium
86%
Pokémon Trozei!
86%
PokéPark
86%
Donkey Kong
85%
Donkey Konga
85%
Donkey Kong Country
85%
Donkey Kong Land
85%
Wario
79%
Wario Land
79%
WarioWare
79%
Star Fox
75%
Wii
75%
Wii Fit
75%
Wii Play
75%
Wii Sports
75%
Fire Emblem
74%
Luigi's Mansion
74%
Yoshi
74%
Animal Crossing
72%
Luigi
72%
Super Smash Bros.
71%
F-Zero
70%
Pikmin
66%
Splatoon
66%
Mother
60%
X
57%
Kid Icarus
56%
Xenoblade Chronicles
56%
Punch-Out!!!
50%
Nintendo Labo
48%
Nintendo Pocket Football Club
48%
Game & Watch
47%
Chibi-Robo!
35%
Excitebike
35%
Battalion Wars
32%
Wars
31%
Golden Sun
30%
Nintendogs
30%
Pilotwings
26%
Tomodachi
25%
Balloon Fight
24%
Brain Age
24%
Wave Race
23%
Rhythm Heaven
21%
1080°
19%
Custom Robo
19%
Dillon's Rolling Western
18%
StarTropics
18%
The Legendary Starfy
18%
Big Brain Academy
17%
BoxBoy!
16%
Famicom Detective Club
16%
Sin and Punishment
16%
Art Academy
15%
Pushmo
15%
Picross
14%
Fossil Fighters
13%
Another Code
12%
Steel Diver
12%
NES Remix
10%
Style Savvy
10%
Clubhouse Games
8%
Magical Starsign
8%
Yakuman
8%
Battle Clash
7%
Kururin
7%
Puzzle League
7%
Art Style
6%
Card Hero
6%
F-1 Race
6%
Fluidity
6%
bit Generations
5%
Cruis'n
5%
Daigasso! Band Brothers
5%
Master of Illusion
5%
Osu! Tatakae! Ouendan
5%
Play Action Football
5%
Crosswords
4%
Polarium
4%
Ketzal's Corridors
3%
Kyle Hyde
3%
Magnetica
3%
PictureBook Games
3%
Sparkle Snapshots
3%
HarmoKnight
2%
Satella Walker
2%
Shaberu! DS Oryouri NAVI
2%
Eggerland
1%
No matching quizzes found
Score Distribution
Percent of People with Each Score
Percentile by Number Answered
Your Score History
You have not taken this quiz